000 00644nam a2200241 i 4500
001 C2-0233904
003 PPAK
005 20180727194546.0
008 010617s1996 my a|||| ||||| | eng d
040 _aPPAK
_beng
_cPPAK
_erda
082 0 4 _a742
_223
090 0 0 _a742
_bJIN
_dKSF
090 0 0 _a742
_bJIN
_dR
100 1 _aJin Leng, Yeoh,
_eauthor
245 1 0 _aShadow
264 1 _aKuala Lumpur :
_bNational Art Gallery ,
_c1996
300 _a[n.p.] :
_bcolour illustrations ;
_c19 cm
336 _2rdacontent
_atext
337 _2rdamedia
_aunmediated
338 _2rdacarrier
_avolume
650 1 0 _aShadows (Painting).
942 _ddc
_cB
999 _c50306
_d50306